Povinnosť používať elektronické registračné pokladnice pri predaji tovaru alebo poskytovaní služieb je stále aktuálna

Kto je povinný používať elektronickú registračnú pokladnicu /ERP/, čo je úhrada v hotovosti, porucha ERP, pokuty za nesplnenie povinností vyplývajúcich z vyhlášky Č. 55/1994 Z.z. v znení neskorších predpisov.

Gespeichert in:
Bibliographische Detailangaben
Format: Buchkapitel
Sprache:Slowakisch
Schlagworte:
Tags: Tag hinzufügen
Keine Tags, Fügen Sie das erste Tag hinzu!

MARC

LEADER 00000naa a2200000 4500
001 r048843
005 20230927071525.7
041 0 |a slo 
044 |a SK 
245 1 0 |a Povinnosť používať elektronické registračné pokladnice pri predaji tovaru alebo poskytovaní služieb je stále aktuálna 
520 |a Kto je povinný používať elektronickú registračnú pokladnicu /ERP/, čo je úhrada v hotovosti, porucha ERP, pokuty za nesplnenie povinností vyplývajúcich z vyhlášky Č. 55/1994 Z.z. v znení neskorších predpisov. 
610 2 0 |a technika predaja 
610 2 0 |a pokladnice registračné